Ancient Cities Quiz - Statistics

General Stats
  • This quiz has been taken 27 times
  • The average score is 21 of 25
Answer Stats
City Current Country % Correct
2) Tenochtitlan/Texcoco Mexico
100%
6) Xian/Luoyang China
96%
7) Sparta/Corinth Greece
96%
15) Jerusalem/Acre Israel
96%
14) Pompeii/Ravenna Italy
96%
5) Petra/Al Bayda Jordan
96%
4) Cuzco/Machu Picchu Peru
96%
8) Constantinople/Ephesus Turkey
96%
12) Memphis/Thebes Egypt
93%
3) Babylon/Nippur Iraq
93%
18) Timbuktu/Gao Mali
93%
25) Kyoto/Nara Japan
89%
1) Carthage/Utica Tunisia
89%
20) Split/Dubrovnik Croatia
85%
11) Persepolis/Qom Iran
85%
17) Fes/Volubilis Morocco
85%
10) Angkor/Koh Ker Cambodia
78%
23) Varansi/Ujjain India
78%
13) Tyre/Byblos Lebanon
78%
24) Hegra/Medina Saudi Arabia
78%
16) Plovdiv/Nessebar Bulgaria
70%
9) Busra/Ebla Syria
63%
19) Aksum/Lalibela Ethiopia
56%
21) Tikal/El Mirador Guatemala
56%
22) Bagan/Beikthano Myanmar
44%
No matching quizzes found
Score Distribution
Percent of People with Each Score
Percentile by Number Answered
Your Score History
You have not taken this quiz